[Event "Eastern op 46th"]
[Site "Tysons"]
[Date "2019.12.30"]
[Round "6"]
[White "Siamon, David"]
[Black "Reddy, Satvik"]
[Result "1-0"]
[WhiteElo "1994"]
[BlackElo "1713"]
[PlyCount "49"]
[EventDate "2019.12.27"]
[EventType "swiss"]
[EventRounds "7"]
[EventCountry "USA"]
[SourceTitle "CBM 194 Extra"]
[Source "ChessBase"]
[SourceDate "2020.03.31"]
[SourceVersion "1"]
[SourceVersionDate "2020.03.31"]
[SourceQuality "1"]

1. e4 d6 2. d4 Nf6 3. Nc3 Nbd7 4. Bc4 e5 5. Nf3 Be7 6. 0-0 c6 7. a4 Qc7 8. Re1 0-0 9. h3 h6 10. Bb3 Re8 11. Be3 b6 12. Nh4 Nf8 13. dxe5 dxe5 14. Qf3 N8h7 15. Qg3 Kf8 16. Rad1 Bb4 17. Rd3 Bxc3 18. bxc3 Nxe4 19. Qg6 Neg5 20. Bxg5 Nxg5 21. f4 exf4 22. Rxe8+ Kxe8 23. Qxg7 Qe7 24. Qg8+ Qf8 25. Rd8+ 1-0